| 000 | 00585nam a2200217Ia 4500 | ||
|---|---|---|---|
| 008 | 191119s9999 xx 000 0 und d | ||
| 020 | _a978-621-406-146-4 | ||
| 050 | _aFIL BF 697 | ||
| 050 | _b.M34 2018 | ||
| 100 | _aMagalona, Ethel. | ||
| 245 | 0 | _aUnderstanding the self / | |
| 245 | 0 | _cEthel D. Magalona, Elline Regina M. Cruz, Evelyn Salting-Sadsad. | |
| 260 | _aPhilippines : | ||
| 260 | _bMindshapers, | ||
| 260 | _c2018 | ||
| 300 | _a182 pages : | ||
| 300 | _c26 cm. | ||
| 500 | _aIncludes bibliographic references. | ||
| 650 | _aSelf. | ||
| 650 | _xPersonality. | ||
| 999 |
_c363113 _d363113 |
||